[Event "Pardubice op rapid 28th"]
[Site "Pardubice"]
[Date "2017.07.20"]
[Round "6"]
[White "Jazdanovs, Aleksandrs"]
[Black "Karasik, Semyon"]
[Result "1-0"]
[WhiteElo "2066"]
[BlackElo "2185"]
[PlyCount "109"]
[EventDate "2017.07.19"]
[EventType "swiss (rapid)"]
[EventRounds "9"]
[EventCountry "CZE"]
[SourceTitle "CBM 179 Extra"]
[Source "ChessBase"]
[SourceDate "2017.08.23"]
[SourceVersion "1"]
[SourceVersionDate "2017.08.23"]
[SourceQuality "1"]

1. e4 e6 2. d4 b6 3. Bd3 Bb7 4. Nd2 g6 5. Ngf3 Bg7 6. 0-0 Ne7 7. Re1 d6 8. c3 Nd7 9. Nf1 0-0 10. Be3 Nf6 11. Ng3 h6 12. h3 c5 13. e5 dxe5 14. dxe5 Nfd5 15. Ne4 Nxe3 16. Rxe3 Nd5 17. Re2 Nf4 18. Rd2 Qc7 19. Nd6 Bxf3 20. Qxf3 Bxe5 21. Nb5 Qe7 22. Re1 Qf6 23. Qe3 Nxd3 24. Rxd3 Bf4 25. Qe4 a6 26. Na3 Qf5 27. Qxf5 gxf5 28. g3 Bc7 29. Rd7 Rac8 30. Red1 b5 31. Nc2 Kg7 32. Kg2 Kf6 33. Ne3 Rfd8 34. Rxc7 Rxd1 35. Rxc8 Rd2 36. Ra8 Rxb2 37. Rxa6 b4 38. cxb4 cxb4 39. Rb6 Rxa2 40. Rxb4 Rd2 41. Rb7 Rd4 42. Kf3 Ra4 43. h4 Kg7 44. Rb3 Rd4 45. Ng2 Re4 46. Nf4 Kf6 47. Kg2 Rd4 48. Nd3 Rd7 49. f4 Rc7 50. Ne5 Kg7 51. Kf3 Kf8 52. Rb8+ Kg7 53. Ke3 Re7 54. Rd8 f6 55. Rd7 1-0

[Event "Pardubice op rapid 28th"]
[Site "Pardubice"]
[Date "2017.07.20"]
[Round "4"]
[White "Tilicheev, Viacheslav"]
[Black "Karasik, Semyon"]
[Result "1-0"]
[WhiteElo "2497"]
[BlackElo "2185"]
[PlyCount "77"]
[EventDate "2017.07.19"]
[EventType "swiss (rapid)"]
[EventRounds "9"]
[EventCountry "CZE"]
[SourceTitle "CBM 179 Extra"]
[Source "ChessBase"]
[SourceDate "2017.08.23"]
[SourceVersion "1"]
[SourceVersionDate "2017.08.23"]
[SourceQuality "1"]

1. e4 c6 2. Nc3 g6 3. d4 d5 4. Be3 Bg7 5. Qf3 dxe4 6. Nxe4 Nf6 7. Bc4 0-0 8. Nxf6+ exf6 9. h4 h5 10. Ne2 Nd7 11. Nf4 Nb6 12. Bb3 Bg4 13. Qg3 Nd5 14. Nxd5 cxd5 15. 0-0 Re8 16. c4 dxc4 17. Bxc4 Bf8 18. Qf4 Be6 19. Bxe6 Rxe6 20. Qf3 Qd7 21. Rfd1 f5 22. d5 Re4 23. Bf4 Rc8 24. g3 Rc2 25. d6 Ree2 26. Rac1 Bg7 27. Rxc2 Rxc2 28. Qe3 Bf6 29. Bg5 Bxg5 30. hxg5 Rc8 31. Qxa7 f4 32. Qd4 fxg3 33. fxg3 Rc2 34. Rd2 Rc1+ 35. Kh2 b5 36. b3 Rc6 37. a4 bxa4 38. Qxa4 Kh7 39. Qxc6 1-0

[Event "Prague Summer op-B 2nd"]
[Site "Prague"]
[Date "2015.08.14"]
[Round "9"]
[White "Dzikowski, Michal"]
[Black "Karasik, Semyon"]
[Result "1/2-1/2"]
[WhiteElo "1975"]
[BlackElo "2187"]
[PlyCount "21"]
[EventDate "2015.08.07"]
[EventType "swiss"]
[EventRounds "9"]
[EventCountry "CZE"]
[SourceTitle "EXT 2017"]
[Source "ChessBase"]
[SourceDate "2016.10.25"]
[SourceVersion "1"]
[SourceVersionDate "2016.10.25"]
[SourceQuality "1"]

1. b3 b6 2. Bb2 Bb7 3. e3 e6 4. Nf3 Nf6 5. Be2 d6 6. c4 g6 7. Nc3 Bg7 8. 0-0 0-0 9. Qc2 Nbd7 10. Rad1 Qe7 11. d4 1/2-1/2

[Event "Prague Summer op-B 2nd"]
[Site "Prague"]
[Date "2015.08.09"]
[Round "4"]
[White "Karasik, Semyon"]
[Black "Mihal, Sergej"]
[Result "1-0"]
[WhiteElo "2187"]
[BlackElo "1825"]
[PlyCount "33"]
[EventDate "2015.08.07"]
[EventType "swiss"]
[EventRounds "9"]
[EventCountry "CZE"]
[SourceTitle "EXT 2017"]
[Source "ChessBase"]
[SourceDate "2016.10.25"]
[SourceVersion "1"]
[SourceVersionDate "2016.10.25"]
[SourceQuality "1"]

1. g3 g6 2. Bg2 Bg7 3. Nf3 e6 4. d3 d5 5. Nbd2 Ne7 6. e4 Nd7 7. 0-0 0-0 8. Qe2 c5 9. Re1 Nc6 10. c3 d4 11. cxd4 cxd4 12. Nc4 e5 13. Bd2 Qe7 14. Rec1 a6 15. b3 b5 16. Nb6 Rb8 17. Nd5 1-0